| 000 | 00988nam a2200253Ia 4500 | ||
|---|---|---|---|
| 008 | 130821s1996 mx a gr spa | ||
| 020 | _a9688805386 | ||
| 040 |
_aCo-BoUCM _bspa |
||
| 041 | 0 | 0 | _aspa |
| 060 |
_aWM 140 _25 |
||
| 100 | 1 |
_aSarason, Irwin _9162156 |
|
| 245 | 1 | 0 |
_aPsicología anormal el problema de la conducta inadaptada _cIrwin G. Sarason, Barbara R. Sarason; traducción Concepción Verania de Parres Cárdenas |
| 250 | _a7a. Ed. | ||
| 260 |
_aMéxico D.F. (México) _bMc Graw-Hill _c1996 |
||
| 300 |
_axxiii, 675 páginas _bcuadros, tablas, ilustraciones |
||
| 504 | _aIncluye bibliografía e índices | ||
| 650 | 0 | 4 |
_aConducta (Psicología) _911512 |
| 650 | 0 | 4 |
_aDesordenes mentales _913076 |
| 650 | 0 | 4 |
_aPsiquiatría _98004 |
| 700 | 1 |
_aParres CARDENAS, Concepción Verania De _etrad. _9162157 |
|
| 700 | 1 |
_aSarason, Barbara R. _9162158 |
|
| 765 | 1 | 0 | _aAbnormal psychology the problem or maladaptive behavior. |
| 942 |
_cLIBRO _a15 _e7 _mS243p _2NLM _hWM 140 _n0 |
||
| 999 |
_c47498 _d47498 |
||